LEADER 00948nam0-22003251i-450- 001 990007897000403321 005 20050427120035.0 010 $a88-8490-547-8 035 $a000789700 035 $aFED01000789700 035 $a(Aleph)000789700FED01 035 $a000789700 100 $a20040617d2004----km-y0itay50------ba 101 0 $aita 102 $aIT 105 $ay-------001yy 200 1 $a<>appropriazione indebita$el'uso del corpo della donna nella nuova legge sulla procreazione assistita 210 $aMilano$cBaldini Castoldi Dalai$d2004 215 $a332 p.$d21 cm 225 1 $a<>mele$v20 610 0 $aFecondazione artificiale$aAspetti giuridici 676 $a344.450 419$v20$zita 676 $a176$v20$zita 801 0$aIT$bUNINA$gRICA$2UNIMARC 901 $aBK 912 $a990007897000403321 952 $aA-I-A-364$b13060$fDDRC 959 $aDDRC 996 $aAppropriazione indebita$9667863 997 $aUNINA LEADER 01003nam a22002531i 4500 001 991001354149707536 005 20031104120501.0 008 040407s1960 it |||||||||||||||||eng 035 $ab12757445-39ule_inst 035 $aARCHE-073707$9ExL 040 $aDip.to Scienze Storiche$bita$cA.t.i. Arché s.c.r.l. Pandora Sicilia s.r.l. 082 04$a417 100 1 $aUllman, Berthold Louis$0450131 245 14$aThe origin and development of humanistic script /$cB. L. Ullman 260 $aRoma :$bEdizioni di storia e letteratura,$c1960 300 $a146 p., [42] p. di tav. ;$c26 cm 440 0$aStoria e letteratura ;$v79 650 4$aScrittura umanistica$xStoria 907 $a.b12757445$b02-04-14$c16-04-04 912 $a991001354149707536 945 $aLE009 STOR.51-178$g1$i2009000114029$lle009$o-$pE0.00$q-$rn$so $t0$u0$v0$w0$x0$y.i13296978$z16-04-04 996 $aOrigin and development of humanistic script$9267098 997 $aUNISALENTO 998 $ale009$b16-04-04$cm$da $e-$feng$git $h4$i1